| LEADER |
00956nam0a2200217 450 |
| 001 |
16848255 |
| 010 |
|
|
|a 978-2-8099-0081-1
|b Br.
|d 19,95
|
| 100 |
|
|
|a 20100209d2010 u u0frey01 ba
|
| 101 |
0 |
|
|a fre
|
| 102 |
|
|
|a FR
|
| 200 |
0 |
|
|a Art du XXe siècle (L')
|f Violetta Farina
|g illustrations de Geoatlas
|
| 207 |
|
1 |
|a
|
| 210 |
|
|
|a Paris
|c Place des Victoires
|d 2010
|
| 215 |
|
|
|a 328 p.
|c illustrations en couleur
|d 24 x 20 cm
|
| 225 |
1 |
|
|a Génie de l'art
|
| 330 |
|
|
|a Ce parcours initiatique de l'art du XXe siècle permet de dresser un panorama des oeuvres et des artistes, révélant la diversité des voies explorées par l'art : fauvisme, cubisme, abstraction, surréalisme, futurisme, expressionnisme et hyperréalisme.
|
| 700 |
|
0 |
|a Farina
|b Violetta
|4 70
|
| 712 |
0 |
2 |
|a Géoatlas
|4 440
|
| 900 |
|
|
|a Documentaire
|
| 901 |
|
|
|a Accessible au prêt
|
| 995 |
|
|
|a Bibliothèque
|c Bibliothèque
|f 00156007690308
|h 00156007690308
|k 709.04 ART
|o p
|q a
|r az
|e Bibliothèque
|